000
00336nam a2200157Ia 4500
001
5834
003
11639
005
20240712155354.0
008
||||||n9999 ||| || ||
100
_a
Chambrun, Charles de
_9
10161
245
0
_a
L'sprit de la diplomatie
562
_e
1
942
_c
BKM
999
_c
5834
_d
5834
526
_a
51868
526
_a
1697